<?xml version="1.0" encoding="UTF-8"?>
<marc:record xmlns:marc="http://www.loc.gov/MARC21/slim">
   <marc:leader>00000nam a2200000 a 4500</marc:leader>
   <marc:datafield ind1="1" ind2=" " tag="100">
      <marc:subfield code="a">Barr, Emily</marc:subfield>
      <marc:subfield code="4">aut</marc:subfield>
      <marc:subfield code="e">Verfasser/-in</marc:subfield>
   </marc:datafield>
   <marc:datafield ind1="1" ind2=" " tag="100">
      <marc:subfield code="a">Grube, Anke Angela</marc:subfield>
      <marc:subfield code="4">trl</marc:subfield>
      <marc:subfield code="e">Übersetzer/-in</marc:subfield>
   </marc:datafield>
   <marc:datafield ind1=" " ind2=" " tag="653">
      <marc:subfield code="a">Psychothriller</marc:subfield>
   </marc:datafield>
   <marc:datafield ind1="0" ind2="0" tag="245">
      <marc:subfield code="a">Deine dunkle Seele</marc:subfield>
   </marc:datafield>
   <marc:datafield ind1="0" ind2="0" tag="245">
      <marc:subfield code="b">Psychothriller</marc:subfield>
   </marc:datafield>
   <marc:datafield ind1="0" ind2="0" tag="245">
      <marc:subfield code="c">Emily Barr. Aus dem engl. von Anke Angela Grube</marc:subfield>
   </marc:datafield>
   <marc:datafield ind1=" " ind2="1" tag="264">
      <marc:subfield code="a">Köln</marc:subfield>
      <marc:subfield code="b">Bastei Lübbe Taschenbuch</marc:subfield>
      <marc:subfield code="c">2017</marc:subfield>
   </marc:datafield>
   <marc:datafield ind1=" " ind2=" " tag="250">
      <marc:subfield code="a">Vollst. Taschenbuchausg., dt. Erstausg.</marc:subfield>
   </marc:datafield>
   <marc:datafield ind1="1" ind2=" " tag="520">
      <marc:subfield code="a">Angaben aus der Verlagsmeldung &lt;br/&gt;&lt;br/&gt; &lt;br/&gt;&lt;br/&gt;  Deine dunkle Seele : Roman Stranded / von Emily Barr &lt;br/&gt;&lt;br/&gt; &lt;br/&gt;WENN DAS PARADIES ZUM ALPTRAUM WIRD.&lt;br/&gt;&lt;br/&gt;Es sollte ein Traumurlaub werden. Doch als Esther mit einer Reisegruppe einen Ausflug zu einer einsamen Insel unternimmt, geschieht das Unvorstellbare: Der Reiseleiter verschwindet - und mit ihm das einzige Boot. Während die Gruppe nun versucht, ihr Überleben auf der Insel zu sichern, nehmen die Spannungen zu, und in Esther keimt ein beängstigender Verdacht: Einer ihrer Mitreisenden verfolgt einen perfiden Plan, der sie alle das Leben kosten kann.&lt;br/&gt;&lt;br/&gt;DER NEUE ROMAN DER ERFOLGSAUTORIN VON 'DEINE LETZTE SPUR '&lt;br/&gt;&lt;br/&gt;'Ein echter Pageturner voller überraschender Wendungen, die der Erfolgsserie LOST ebenbürtig sind.' Cosmopolitan&lt;br/&gt;&lt;br/&gt;'Emily Barr schreibt ausgezeichnete ebenso originelle wie spannende psychologische Thriller' Daily Mail</marc:subfield>
   </marc:datafield>
   <marc:datafield ind1=" " ind2=" " tag="020">
      <marc:subfield code="a">9783404174614</marc:subfield>
      <marc:subfield code="9">9783404174614</marc:subfield>
   </marc:datafield>
   <marc:datafield ind1=" " ind2=" " tag="041">
      <marc:subfield code="a">ger</marc:subfield>
   </marc:datafield>
   <marc:datafield ind1=" " ind2=" " tag="500">
      <marc:subfield code="a">Bastei Lübbe ; 17461</marc:subfield>
   </marc:datafield>
   <marc:datafield ind1="1" ind2=" " tag="521">
      <marc:subfield code="a">0</marc:subfield>
   </marc:datafield>
   <marc:datafield ind1=" " ind2=" " tag="300">
      <marc:subfield code="a">429 S.</marc:subfield>
   </marc:datafield>
</marc:record>
